000
00210 a2200097 4500
001
2985
100
_a
245
_a
H/B of library training practicel vol2
260
_a
_b
Gower pub co
_c
090
_c
2273
_d
2273
942
_a
NUST-CAE
_c
M
_c
14147
999
_c
238058
_d
238058